Joe Biden's Presidential Cabinet - Statistics

General Stats
  • This quiz has been taken 73 times
  • The average score is 4 of 26
Answer Stats
Hint Answer % Correct
Vice President Kamala Harris
100%
Secretary of Transportation Pete Buttigieg
42%
Secretary of State Anthony Blinken
38%
Attorney General Merrick Garland
30%
Secretary of Defense Lloyd Austin
28%
Secretary of the Interior Deb Haaland
23%
Secretary of Agriculture Tom Vilsack
20%
Secretary of Commerce Gina Raimondo
17%
Secretary of Homeland Security Alejandro Mayorkas
12%
Secretary of Energy Jennifer Granholm
10%
Acting Secretary of Labor Julie Su
10%
Director of National Intellegence Avril Haines
7%
United States Ambassador to the United Nations Linda Thomas-Greenfield
7%
Administrator of the Environmental Protection Agency Michael Regan
7%
Chief of Staff Jeff Zients
5%
Secretary of Veterans Affairs Denis McDonough
3%
Secretary of the Treasury Dr. Janet Yellen
3%
Administrator of the Small Business Administration Isabel Guzman
3%
Chair of the Council of Economic Advisers Jared Bernstein
3%
United States Trade Representative Katherine Tai
3%
Deputy Secretary Performing the Delegable Duties of the Secretary Adrianne Todman
2%
Director of the Office of Management and Budget Shalanda Young
2%
Director of the Central Intelligence Agency William Burns
2%
Secretary of Health and Human Services Xavier Becarra
2%
Director of the Office of Science and Technology Policy Dr. Arati Prabhakar
0%
Secretary of Education Dr. Miguel Cardona
0%
No matching quizzes found
Score Distribution
Percent of People with Each Score
Percentile by Number Answered
Your Score History
You have not taken this quiz